| 000 | 00753cam a22002171 4500 | ||
|---|---|---|---|
| 001 | ca 17002760 | ||
| 003 | DLC | ||
| 005 | 20260227111105.0 | ||
| 008 | 851221s1912 nyu 000 0 nav | ||
| 010 | _aca 17002760 | ||
| 035 | _a(OCoLC)12948724 | ||
| 040 |
_aDLC _cDSI _dDLC |
||
| 042 | _apremarc | ||
| 050 | 0 | 0 |
_aPM2009 _b.B31 1912 |
| 130 | 0 |
_aBible. _pGenesis. _lNavaho. |
|
| 245 | 0 | 0 |
_aMozes bi naltso̲s aḷse̲dihigi Ġodesẓiẓ holyẹhigi inda yistai̲ni̲ḷḷi ba Hani Mark naltso̲s y̲e yiki-iscinigi. _bTohatcidi e̲niṣoti dine biza̲dkyeḥgo ayila. |
| 260 |
_aNew York, _bAmerican Bible Society, _c1912. |
||
| 300 |
_a3 p. l., 46 p., 1 l., 19 p. _c21 cm. |
||
| 650 | 0 |
_aNavajo language _xTexts. |
|
| 730 | 0 |
_aBible. _pMark. _lNavaho. |
|
| 999 |
_c15204 _d15204 |
||